Name the 2022 Jets Draft Class - Statistics

General Stats
  • This quiz has been taken 16 times
  • The average score is 6 of 7
Answer Stats
Round Position Name College % Correct
2 RB Breece Hall Iowa State
100%
1 WR Garrett Wilson Ohio State
100%
1 CB Sauce Gardner Cincinnati
100%
3 TE Jeremy Ruckert Ohio State
86%
1 DE Jermaine Johnson Florida State
79%
4 DT Micheal Clemons Texas A&M
57%
4 OT Max Mitchell Louisiana
50%
No matching quizzes found
Score Distribution
Percent of People with Each Score
Percentile by Number Answered
Your Score History
You have not taken this quiz